000 00583nam a2200181Ia 4500
008 151018s9999 xx 000 0 und d
082 _bRBASDV40796
_a340
100 _aअभया शेलकर
245 _aवन संरक्षण कायदा
250 _b1
260 _bनाशिक लॉ हाऊस
_c2005
300 _a292
600 _aअभया शेलकर
630 _aवन संरक्षण कायदा
700 _aअभया शेलकर
730 _aवन संरक्षण कायदा
942 _cBOOK
999 _c1040070
_d1040067